Classic Literature Spoiler Alert Quiz Stats

Quiz Updated Mar 23, 2015

Challenge
Share
Tweet
Embed
Score 0/28 Timer 08:00
3 Plays Today
% Correct
A Christmas Carol
98.8%
Moby-Dick
97.2%
To Kill a Mockingbird
90%
The Picture of Dorian Gray
88.4%
The Old Man and the Sea
87%
Oedipus Rex
86.6%
1984
86.1%
Frankenstein
81.3%
Pride and Prejudice
80.7%
Animal Farm
80.1%
Crime and Punishment
76.3%
The Crucible
74.4%
Waiting for Godot
73.3%
The Grapes of Wrath
72.9%
% Correct
One Flew Over the Cuckoo's Nest
71.9%
The Adventures of Huckleberry Finn
71.5%
The Great Gatsby
71%
Great Expectations
68.8%
The Odyssey
65.5%
A Farewell to Arms
63.1%
Jane Eyre
62.6%
A Tale of Two Cities
58.4%
Heart of Darkness
55.3%
Fahrenheit 451
52.2%
The Metamorphosis
46.2%
Ulysses
36.6%
The Awakening
36.5%
The Sound and the Fury
32.6%

You're not logged in!

Compare scores with friends on all Sporcle quizzes.
Join for Free
OR
Log In

You Might Also Like...

Show Comments

Extras

Top Quizzes Today


Score Distribution

Your Account Isn't Verified!

In order to create a playlist on Sporcle, you need to verify the email address you used during registration. Go to your Sporcle Settings to finish the process.

Report this User

Report this user for behavior that violates our Community Guidelines.

Details: